| 000 | 00632nmm a2200241 a 4500 | ||
|---|---|---|---|
| 003 | AR-BaBNM | ||
| 005 | 20251128211442.0 | ||
| 008 | 174020s1992 ||||||||||||||000 | spa|| | ||
| 020 | _a950-706-030-8 | ||
| 040 | _cAR-BaBNM | ||
| 100 | 1 | _aDelellis de Arbetman, M. Noemà | |
| 245 | 1 | 0 | _aPadrinos de la esperanza |
| 260 |
_aBuenos Aires _bEdiciones Tu Llave _c1992 |
||
| 300 | _a155 p. | ||
| 650 | 4 | _aPARTICIPACION DE LA COMUNIDAD | |
| 650 | 4 | _aSOLIDARIDAD | |
| 650 | 4 | _aAYUDA A LA INFANCIA | |
| 650 | 4 | _aAYUDA A LA EDUCACION | |
| 651 | 4 | _aArgentina | |
| 653 | _aCREACION DE ESCUELAS | ||
| 942 | _cBK | ||
| 998 | _craquel | ||
| 999 |
_c19751 _d19751 |
||